[Event "XI Open Piemonte Scacchi"]
[Site "Torino ITA"]
[Date "2011.09.09"]
[Round "2"]
[White "Quirico, Paolo"]
[Black "Tondo, Stefano"]
[Result "1-0"]
[WhiteElo "2191"]
[BlackElo "1502"]
[PlyCount "75"]
[EventDate "2011.09.09"]

1. d4 Nf6 2. Nf3 d5 3. Bf4 e6 4. e3 Bd6 5. Ne5 c6 6. Nd2 Qc7 7. Bg3 Nbd7 8. f4
c5 9. c3 c4 10. Be2 h5 11. Bh4 Be7 12. h3 b6 13. O-O g6 14. Bg5 Bb7 15. Qe1 Rh7
16. Bf3 O-O-O 17. b3 cxb3 18. axb3 Kb8 19. c4 Nxe5 20. fxe5 Ng8 21. Bxe7 Nxe7
22. Qe2 Nf5 23. Rfc1 Qe7 24. c5 bxc5 25. Rxc5 g5 26. Rac1 f6 27. Rc7 Qxc7 28.
Rxc7 Rxc7 29. exf6 g4 30. hxg4 hxg4 31. Bxg4 Ng3 32. Qf3 Rc1+ 33. Kh2 Nf5 34.
Bxf5 exf5 35. Qxf5 Rh8+ 36. Kg3 Rg8+ 37. Kf2 Rc2 38. Qxc2 1-0

[Event "XI Open Piemonte Scacchi"]
[Site "Torino ITA"]
[Date "2011.09.09"]
[Round "2"]
[White "Faraoni, Enrico"]
[Black "D'Amato, Piergiorgio"]
[Result "1-0"]
[WhiteElo "2104"]
[BlackElo "1856"]
[PlyCount "51"]
[EventDate "2011.09.09"]

1. Na3 e6 2. g3 f5 3. Bg2 Nf6 4. d3 Bc5 5. d4 Be7 6. Nc4 d6 7. Nf3 O-O 8. c3
Ne4 9. Qb3 Nc6 10. Be3 Qe8 11. O-O-O Kh8 12. h4 Bf6 13. Ng5 h6 14. Bxe4 fxe4
15. Nxe4 d5 16. Nxf6 dxc4 17. Nxe8 cxb3 18. Nxc7 bxa2 19. Kc2 e5 20. Nxa8 Bf5+
21. Kb3 Bb1 22. Rxb1 axb1=Q 23. Rxb1 Rxa8 24. d5 Ne7 25. c4 b6 26. Ra1 1-0

[Event "XI Open Piemonte Scacchi"]
[Site "Torino ITA"]
[Date "2011.09.09"]
[Round "2"]
[White "Bianco, Valerio"]
[Black "Manunta, Andrea"]
[Result "1-0"]
[WhiteElo "2176"]
[BlackElo "1770"]
[PlyCount "131"]
[EventDate "2011.09.09"]

1. e4 e6 2. d4 d5 3. Nd2 Be7 4. Bd3 c5 5. dxc5 Bxc5 6. Ngf3 Ne7 7. O-O Ng6 8.
exd5 Qxd5 9. Ne4 O-O 10. c4 Qc6 11. Nxc5 Qxc5 12. Qe2 Nc6 13. a3 Nd4 14. Nxd4
Qxd4 15. Be3 Qf6 16. Rad1 Nf4 17. Bxf4 Qxf4 18. g3 Qc7 19. Be4 e5 20. Bd5 Bh3
21. Rfe1 Rae8 22. Qe3 b6 23. b4 Kh8 24. Qg5 f6 25. Qh4 Bc8 26. Rd2 f5 27. Rde2
Rf6 28. Qf4 g5 29. Rxe5 Rxe5 30. Qxe5 Qxe5 31. Rxe5 Rf8 32. Re7 f4 33. gxf4
gxf4 34. f3 Bh3 35. Kf2 h6 36. Rxa7 Rf6 37. Rf7 Rg6 38. Rf8+ Kg7 39. Rg8+ Kh7
40. Rxg6 Kxg6 41. a4 Kf6 42. Ke2 Ke5 43. Kd3 Bf1+ 44. Kc3 Bh3 45. Bb7 Kd6 46.
a5 Kc7 47. a6 Bf1 48. Kd4 Be2 49. c5 b5 50. Ke5 h5 51. Kxf4 h4 52. Kg4 Kb8 53.
Kxh4 Ka7 54. Kg3 Bd3 55. h4 Bg6 56. Kf4 Bh7 57. Ke5 Bg8 58. Kd6 Bh7 59. c6 Bf5
60. h5 Bd3 61. h6 Bf5 62. c7 Kb6 63. h7 Bxh7 64. c8=Q Ka7 65. Kc7 Be4 66. Qb8#
1-0

[Event "XI Open Piemonte Scacchi"]
[Site "Torino ITA"]
[Date "2011.09.09"]
[Round "2"]
[White "Ivaldo, Fabrizio"]
[Black "Coxe, Marino"]
[Result "1/2-1/2"]
[WhiteElo "1913"]
[BlackElo "1744"]
[PlyCount "96"]
[EventDate "2011.09.09"]

1. e4 c5 2. Nf3 d6 3. d4 cxd4 4. Nxd4 Nf6 5. Nc3 a6 6. Bg5 e5 7. Nb3 Be7 8. Be2
Nc6 9. O-O O-O 10. Qd2 Be6 11. Rad1 Ne8 12. Bxe7 Qxe7 13. Nd5 Qd8 14. Ne3 Qc7
15. c3 Rd8 16. Qc2 Nf6 17. Rfe1 d5 18. Nc5 Ne7 19. Nxe6 fxe6 20. Bf3 dxe4 21.
Rxd8 Rxd8 22. Bxe4 Nxe4 23. Qxe4 b5 24. Rd1 Rxd1+ 25. Nxd1 Qd6 26. Qf3 e4 27.
Qe2 Nf5 28. g3 Qd3 29. Kf1 Qf3 30. Qxf3 exf3 31. Ne3 Nd6 32. Ke1 e5 33. Nd5 e4
34. b3 a5 35. Kd2 Kf7 36. Ne3 Ke6 37. Nc2 Ke5 38. Ne3 g6 39. a3 b4 40. axb4
axb4 41. cxb4 Nb5 42. Nc2 Kd5 43. Ne3+ Kd4 44. Nc2+ Ke5 45. Ke3 Nc3 46. Kd2 Nb5
47. Ne3 Kd4 48. Nc2+ Ke5 1/2-1/2

[Event "XI Open Piemonte Scacchi"]
[Site "Torino ITA"]
[Date "2011.09.09"]
[Round "2"]
[White "Bosticardo, Tommaso"]
[Black "Melling, Jonathon"]
[Result "0-1"]
[WhiteElo "1708"]
[BlackElo "1882"]
[PlyCount "154"]
[EventDate "2011.09.09"]

1. d4 d5 2. c4 e6 3. Nc3 Nf6 4. cxd5 exd5 5. Bg5 Be7 6. e3 O-O 7. Bd3 b6 8.
Nge2 Bb7 9. Qc2 h6 10. Bh4 c5 11. O-O cxd4 12. Nxd4 Nc6 13. Nxc6 Bxc6 14. Rfd1
g5 15. Bg3 Bd6 16. Ne2 Rc8 17. Qb3 Re8 18. Nd4 Bxg3 19. hxg3 Bd7 20. Nf5 Bxf5
21. Bxf5 Rc5 22. Rd4 Re5 23. Bd3 Qc8 24. Rd1 Rc1 25. Be2 Re7 26. Rxc1 Qxc1+ 27.
Rd1 Qc5 28. Bf3 Rd7 29. Qa4 b5 30. Qd4 Qxd4 31. Rxd4 Kf8 32. Kf1 Ke7 33. Ke1
Ke6 34. Ke2 Rd6 35. Kd3 Nd7 36. Kc3 Ne5 37. Rb4 a6 38. Rd4 Rc6+ 39. Kb3 Nxf3
40. gxf3 f5 41. Rd2 h5 42. f4 gxf4 43. exf4 Rc4 44. Ka3 a5 45. b3 Re4 46. Kb2
Kd6 47. Kc3 Kc5 48. a3 Re1 49. b4+ axb4+ 50. axb4+ Kd6 51. Kd3 Re4 52. Rb2 Rc4
53. Rb3 h4 54. Kd2 hxg3 55. fxg3 d4 56. Ke2 Kd5 57. Kd3 Rc1 58. Ra3 Rg1 59. Kd2
Kc4 60. Ra8 Rg2+ 61. Kc1 Rxg3 62. Rf8 Kxb4 63. Rxf5 Rg2 64. Rd5 Kc4 65. Rd8 Rf2
66. Rf8 b4 67. f5 b3 68. f6 Kc3 69. Rc8+ Kd3 70. Rb8 Rxf6 71. Rxb3+ Ke2 72.
Rb2+ Ke3 73. Rb8 Rf1+ 74. Kc2 d3+ 75. Kc3 Rc1+ 76. Kb2 d2 77. Re8+ Kf4 0-1

[Event "XI Open Piemonte Scacchi"]
[Site "Torino ITA"]
[Date "2011.09.09"]
[Round "2"]
[White "Guidi, Paolo"]
[Black "Ravazzolo, Gaia"]
[Result "1-0"]
[WhiteElo "1871"]
[BlackElo "1732"]
[PlyCount "139"]
[EventDate "2011.09.09"]

1. Nf3 d5 2. d4 c6 3. e3 Nf6 4. c4 Bf5 5. Qb3 Qc7 6. cxd5 Bxb1 7. Rxb1 cxd5 8.
Bb5+ Nbd7 9. Ne5 e6 10. Bd2 a6 11. Qa4 Rc8 12. Rc1 Qd8 13. Bxd7+ Nxd7 14. O-O
Ra8 15. Ba5 b5 16. Qc2 Qb8 17. Nxd7 Kxd7 18. Qc6+ Ke7 19. Bc7 Qe8 20. Qd6+ Kf6
21. Qf4+ Ke7 22. Rc2 f6 23. Rfc1 Kf7 24. Bd6 Bxd6 25. Qxd6 Rf8 26. Rc7+ Kg8 27.
Re7 Rc8 28. Qxe6+ Kh8 29. Rxc8 Qxc8 30. Qxc8 Rxc8 31. g3 Rd8 32. Ra7 Kg8 33.
Rxa6 Kf7 34. Rb6 Ra8 35. a3 Ra5 36. Rb7+ Kg6 37. b4 Rxa3 38. Rxb5 Rb3 39. Kg2
Rb2 40. Kf3 Kf7 41. Rb7+ Kg6 42. h4 h5 43. b5 Kh6 44. b6 Kg6 45. Rb8 Kf7 46. b7
Kg6 47. Rd8 Rxb7 48. Rxd5 Re7 49. Kf4 Rb7 50. f3 Re7 51. e4 Re8 52. g4 hxg4 53.
fxg4 Re7 54. h5+ Kh6 55. e5 fxe5+ 56. Rxe5 Rf7+ 57. Rf5 Rd7 58. d5 Rd6 59. Ke5
Rd8 60. Ke6 Re8+ 61. Kd7 Re4 62. d6 Rxg4 63. Ke6 g6 64. hxg6 Kxg6 65. Rf6+ Kg7
66. Ke7 Re4+ 67. Re6 Rf4 68. d7 Rf7+ 69. Kd6 Rf8 70. Re8 1-0

[Event "XI Open Piemonte Scacchi"]
[Site "Torino ITA"]
[Date "2011.09.09"]
[Round "2"]
[White "Bonino, Matteo"]
[Black "Marvin, Elio"]
[Result "1-0"]
[WhiteElo "1851"]
[BlackElo "1669"]
[PlyCount "55"]
[EventDate "2011.09.09"]

1. d4 d5 2. Bf4 c6 3. Nf3 f5 4. e3 Nf6 5. c4 e6 6. Bd3 Be7 7. Nc3 O-O 8. Qc2
Ne4 9. g4 Bd6 10. Bxd6 Nxd6 11. Ne5 Ne4 12. gxf5 Rxf5 13. Nxe4 dxe4 14. Bxe4
Rh5 15. O-O-O Nd7 16. Nxd7 Bxd7 17. f4 Qf6 18. Rdg1 Rf8 19. Rg3 g6 20. Bxg6
hxg6 21. Rxg6+ Kf7 22. Rxf6+ Kxf6 23. Rg1 Be8 24. d5 exd5 25. Qc3+ Ke7 26. Rg7+
Bf7 27. Qb4+ Kf6 28. Qxf8 1-0

[Event "XI Open Piemonte Scacchi"]
[Site "Torino ITA"]
[Date "2011.09.09"]
[Round "2"]
[White "Figari, Andrea"]
[Black "Fassio, Francesco"]
[Result "1/2-1/2"]
[WhiteElo "1833"]
[BlackElo "1652"]
[PlyCount "124"]
[EventDate "2011.09.09"]

1. e4 d5 2. exd5 Nf6 3. Bb5+ Bd7 4. Bxd7+ Qxd7 5. c4 c6 6. dxc6 Nxc6 7. Nc3 e5
8. a3 a5 9. Nh3 Bc5 10. O-O O-O 11. Na4 Ba7 12. c5 Nd5 13. Ng5 Rad8 14. Qc2 f5
15. Re1 h6 16. Nf3 e4 17. Nh4 Kh7 18. g3 g5 19. Nxf5 Qxf5 20. Qxe4 Qxe4 21.
Rxe4 Nf6 22. Re1 Rd5 23. b4 axb4 24. axb4 Bb8 25. Nb6 Re5 26. Bb2 Rxe1+ 27.
Rxe1 Re8 28. Rxe8 Nxe8 29. Nd7 Bc7 30. b5 Nb8 31. Nf8+ Kg8 32. Ne6 Ba5 33. d4
Nf6 34. b6 Nc6 35. Nc7 Kf7 36. Nb5 Ke6 37. Nd6 Nd8 38. Nb5 Kd7 39. Nd6 Kc6 40.
h3 Ne6 41. Nc4 Bb4 42. Ne5+ Kd5 43. Nf7 Nxd4 44. Nd8 Bxc5 45. Nxb7 Bxb6 46. Kg2
Ng8 47. Bxd4 Bxd4 48. Nd8 Kd6 49. g4 Kd5 50. Kf3 Bf6 51. Nb7 Kd4 52. Nd6 Kd3
53. Nf5 Kd2 54. Ke4 Ke2 55. f4 Kf2 56. fxg5 Bxg5 57. h4 Nf6+ 58. Kd3 Nxg4 59.
Nxh6 Bxh6 60. Ke4 Kg3 61. h5 Kh4 62. Kf5 Kxh5 1/2-1/2

[Event "XI Open Piemonte Scacchi"]
[Site "Torino ITA"]
[Date "2011.09.09"]
[Round "2"]
[White "Carbone, Lorenzo"]
[Black "Doromeychuk, Anton"]
[Result "1/2-1/2"]
[WhiteElo "1759"]
[BlackElo "1614"]
[PlyCount "80"]
[EventDate "2011.09.09"]

1. e4 c5 2. Nf3 e6 3. d4 cxd4 4. Nxd4 Nc6 5. Nb3 Nf6 6. Nc3 Bb4 7. Bd3 d5 8.
exd5 Nxd5 9. Bd2 O-O 10. O-O Nxc3 11. bxc3 Be7 12. h3 Ne5 13. Bxh7+ Kxh7 14.
Qh5+ Kg8 15. Qxe5 b6 16. Rad1 Bf6 17. Qe4 Ba6 18. Rfe1 Qc7 19. Nd4 Bb7 20. Qg4
Rfd8 21. Re3 Bxd4 22. cxd4 Qxc2 23. Rg3 g6 24. Rc3 Qf5 25. Qh4 Qe4 26. Qxe4
Bxe4 27. Bf4 Rac8 28. Re3 Bd5 29. a3 b5 30. Be5 a5 31. Rb1 Bc4 32. Rb2 Kf8 33.
Bf6 Rd7 34. Re4 Rdc7 35. Rh4 Ke8 36. Be5 Rc6 37. Bf6 a4 38. Rh8+ Kd7 39. Rh7
Ke8 40. Rh8+ Kd7 1/2-1/2

[Event "XI Open Piemonte Scacchi"]
[Site "Torino ITA"]
[Date "2011.09.09"]
[Round "2"]
[White "Dall'Igna, Antonio"]
[Black "Iacomussi, Mario"]
[Result "1/2-1/2"]
[WhiteElo "1515"]
[BlackElo "1747"]
[PlyCount "63"]
[EventDate "2011.09.09"]

1. c4 Nf6 2. Nc3 c5 3. g3 Nc6 4. Bg2 g6 5. e3 Bg7 6. Nge2 d6 7. a3 O-O 8. Rb1
Bf5 9. e4 Bd7 10. d3 Rb8 11. b4 b6 12. b5 Nd4 13. Nxd4 cxd4 14. Ne2 e5 15. O-O
Nh5 16. f4 f5 17. fxe5 dxe5 18. exf5 Bxf5 19. h3 Be6 20. g4 Nf6 21. Ng3 Qc7 22.
Ne4 Nxe4 23. Bxe4 Rxf1+ 24. Qxf1 Rf8 25. Qg2 Bf6 26. Bd2 Be7 27. Bd5 Qc8 28. a4
Kg7 29. Qe4 Bd6 30. Rf1 Rxf1+ 31. Kxf1 Qf8+ 32. Kg2 1/2-1/2

[Event "XI Open Piemonte Scacchi"]
[Site "Torino ITA"]
[Date "2011.09.09"]
[Round "2"]
[White "Briata, Federico"]
[Black "Gennaro, Isabella"]
[Result "1-0"]
[WhiteElo "1745"]
[BlackElo "1588"]
[PlyCount "93"]
[EventDate "2011.09.09"]

1. e4 c5 2. Nf3 Nc6 3. Bb5 e6 4. c3 Nge7 5. O-O a6 6. Ba4 b5 7. Bc2 Bb7 8. d3
Ng6 9. Be3 Be7 10. Nbd2 O-O 11. d4 d6 12. Qe2 Qc7 13. Rac1 Rad8 14. Ne1 Qd7 15.
f4 Rfe8 16. Qg4 e5 17. Qxd7 Rxd7 18. d5 Nb8 19. f5 Nf8 20. a4 Rc7 21. axb5 axb5
22. Bd3 c4 23. Be2 Nfd7 24. g4 h6 25. Nc2 Na6 26. Na3 b4 27. cxb4 Nxb4 28. Rxc4
Rxc4 29. Ndxc4 Ba6 30. Kf2 Rc8 31. Bd2 Bxc4 32. Nxc4 Rb8 33. Ra1 Nc2 34. Ra7
Nc5 35. Rxe7 Nxe4+ 36. Kf3 Nxd2+ 37. Nxd2 Rxb2 38. Re8+ Kh7 39. f6 Nd4+ 40. Ke3
Nc2+ 41. Kf2 Nd4 42. Bd3+ g6 43. Ke3 Ra2 44. Re7 Kg8 45. Re8+ Kh7 46. Rf8 Ra7
47. Rd8 1-0

[Event "XI Open Piemonte Scacchi"]
[Site "Torino ITA"]
[Date "2011.09.10"]
[Round "3"]
[White "Ranieri, Fabrizio"]
[Black "Moncelli, Giorgio"]
[Result "1-0"]
[WhiteElo "2299"]
[BlackElo "2081"]
[PlyCount "69"]
[EventDate "2011.09.09"]

1. e4 Nf6 2. e5 Nd5 3. d4 d6 4. exd6 cxd6 5. Nf3 g6 6. c4 Nb6 7. Be2 Bg7 8. O-O
O-O 9. Be3 Nc6 10. Nbd2 Bf5 11. a3 e5 12. d5 Nd4 13. Bg5 Qd7 14. Nxd4 exd4 15.
g4 d3 16. Bf3 Bxb2 17. gxf5 Qxf5 18. Bh6 Rfe8 19. Ra2 Be5 20. Bg4 Qf6 21. Qf3
Qh4 22. Qh3 Qxh3 23. Bxh3 f5 24. Be3 Na4 25. Nf3 Nc3 26. Nxe5 Nxa2 27. Nxd3 Nc3
28. Bg2 b6 29. Bf3 Rac8 30. Nb2 Ne4 31. Rd1 Nc5 32. Kg2 Kf7 33. Bf4 Nb7 34. Rc1
g5 35. Bh5+ 1-0

[Event "XI Open Piemonte Scacchi"]
[Site "Torino ITA"]
[Date "2011.09.10"]
[Round "3"]
[White "Topczewski, Damian"]
[Black "Janier, Fabrice"]
[Result "1-0"]
[WhiteElo "2189"]
[BlackElo "2004"]
[PlyCount "55"]
[EventDate "2011.09.09"]

1. e4 e5 2. Bc4 Nf6 3. d3 Nc6 4. Bg5 Be7 5. Nf3 d6 6. h3 Na5 7. Bb3 Nxb3 8.
axb3 c5 9. c4 Be6 10. Nc3 O-O 11. Qd2 Ne8 12. O-O f6 13. Bh4 g5 14. Bg3 f5 15.
exf5 Bxf5 16. Nd5 Bxh3 17. Nxe7+ Qxe7 18. Nxg5 Bf5 19. f4 Qg7 20. fxe5 h6 21.
Ne4 dxe5 22. Qe3 Bxe4 23. Rxf8+ Kxf8 24. dxe4 b6 25. Qc3 Rd8 26. Bxe5 Qg5 27.
Bf4 Qh5 28. Qh8+ 1-0

[Event "XI Open Piemonte Scacchi"]
[Site "Torino ITA"]
[Date "2011.09.10"]
[Round "3"]
[White "Aghayev, Miragha"]
[Black "Guidi, Giacomo G."]
[Result "0-1"]
[WhiteElo "2112"]
[BlackElo "1991"]
[PlyCount "84"]
[EventDate "2011.09.09"]

1. e4 c5 2. Nf3 Nc6 3. d4 cxd4 4. Nxd4 Nf6 5. Nc3 e5 6. Ndb5 d6 7. a4 a6 8. Na3
Be7 9. Bg5 O-O 10. Bxf6 Bxf6 11. Nd5 Rb8 12. Nxf6+ Qxf6 13. Nc4 Qg6 14. f3 f5
15. Qxd6 Rf6 16. Qc7 fxe4 17. Nxe5 Qe8 18. O-O-O Be6 19. Nxc6 bxc6 20. Bxa6 Rf7
21. Qe5 Ra7 22. Rd6 Bd5 23. Qxe8+ Rxe8 24. fxe4 Rxe4 25. Bd3 Rexa4 26. Kd2 Kf7
27. Re1 Re7 28. Rf1+ Ke8 29. Bxh7 Rd4+ 30. Kc3 Rc4+ 31. Kd3 Re5 32. Rg6 Rh4 33.
Rxg7 Bc4+ 34. Kc3 Bxf1 35. Bg6+ Kd8 36. Bf7 Re7 37. Rg8+ Kc7 38. Bb3 Rxh2 39.
g4 Rhh7 40. Rf8 Bh3 41. g5 Rhg7 42. Rf3 Be6 0-1

[Event "XI Open Piemonte Scacchi"]
[Site "Torino ITA"]
[Date "2011.09.10"]
[Round "3"]
[White "Spinelli, Doriano"]
[Black "Martin, Tiziano"]
[Result "1-0"]
[WhiteElo "2098"]
[BlackElo "1948"]
[PlyCount "65"]
[EventDate "2011.09.09"]

1. e4 e5 2. Nf3 d6 3. d4 exd4 4. Nxd4 Nf6 5. Nc3 Be7 6. Be2 O-O 7. O-O Nc6 8.
Be3 Bd7 9. f4 Re8 10. Bf3 Bf8 11. Bf2 Rb8 12. Bh4 Be7 13. Bg3 a6 14. e5 dxe5
15. Nxc6 Bxc6 16. fxe5 Bc5+ 17. Kh1 Qxd1 18. Raxd1 Bxf3 19. Rxf3 Ng4 20. Rd5
Bb6 21. h3 Nh6 22. Rd7 Rbd8 23. Rfd3 Rxd7 24. Rxd7 Nf5 25. Bf4 g5 26. Bh2 Re7
27. Rd8+ Kg7 28. Nd5 Re6 29. Nf6 Ne7 30. c3 Be3 31. Rd7 Bc1 32. Ne8+ Kg6 33.
Nxc7 1-0

[Event "XI Open Piemonte Scacchi"]
[Site "Torino ITA"]
[Date "2011.09.10"]
[Round "3"]
[White "Macheda, Andrea"]
[Black "Faraoni, Enrico"]
[Result "0-1"]
[WhiteElo "1915"]
[BlackElo "2104"]
[PlyCount "64"]
[EventDate "2011.09.09"]

1. c4 g5 2. d4 h6 3. e4 Bg7 4. f4 c5 5. d5 gxf4 6. Qg4 Nf6 7. Qxf4 d6 8. Nc3
Na6 9. a3 Ng4 10. Nf3 Bxc3+ 11. bxc3 Qa5 12. Bd2 f6 13. Be2 Bd7 14. h3 Ne5 15.
Nxe5 dxe5 16. Bh5+ Kd8 17. Qf2 Kc7 18. O-O Rag8 19. Rfb1 Qa4 20. Bd1 Qa5 21.
Be2 Bxh3 22. Rb5 Qa4 23. g3 Qc2 24. Bd1 Qd3 25. Kh2 h5 26. Bf3 Bd7 27. Be3 h4
28. g4 Bxg4 29. Rab1 b6 30. Bh1 Bd7 31. R5b2 Rg3 32. Re1 Rh3+ 0-1

[Event "XI Open Piemonte Scacchi"]
[Site "Torino ITA"]
[Date "2011.09.10"]
[Round "3"]
[White "Jotev, Yassen"]
[Black "Quirico, Paolo"]
[Result "1-0"]
[WhiteElo "2086"]
[BlackElo "2191"]
[PlyCount "63"]
[EventDate "2011.09.09"]

1. e4 e6 2. d4 d5 3. Nc3 Bb4 4. e5 c5 5. Bd2 Ne7 6. Nb5 Bxd2+ 7. Qxd2 O-O 8. f4
cxd4 9. Nf3 Nbc6 10. Nbxd4 Nxd4 11. Nxd4 Qb6 12. O-O-O Nc6 13. c3 Bd7 14. Bd3
Nxd4 15. cxd4 Rfc8+ 16. Kb1 Bb5 17. Bc2 Rc7 18. Rc1 Rc4 19. Rhd1 Rac8 20. g4
Bd7 21. Qd3 g6 22. h4 Rc3 23. Qd2 Rh3 24. Rh1 Rcc3 25. f5 exf5 26. Rxh3 Rxh3
27. gxf5 Rxh4 28. e6 fxe6 29. fxg6 hxg6 30. Qg5 Rh7 31. Bxg6 Rg7 32. Rg1 1-0

[Event "XI Open Piemonte Scacchi"]
[Site "Torino ITA"]
[Date "2011.09.10"]
[Round "3"]
[White "Melling, Jonathon"]
[Black "Bianco, Valerio"]
[Result "1/2-1/2"]
[WhiteElo "1882"]
[BlackElo "2176"]
[PlyCount "27"]
[EventDate "2011.09.09"]

1. d4 d5 2. c4 c6 3. Nc3 Nf6 4. Nf3 e6 5. Bg5 Nbd7 6. e3 Qa5 7. cxd5 Nxd5 8.
Qb3 Bb4 9. Rc1 c5 10. Be2 cxd4 11. exd4 O-O 12. O-O N7f6 13. Nxd5 Nxd5 14. a3
1/2-1/2

[Event "XI Open Piemonte Scacchi"]
[Site "Torino ITA"]
[Date "2011.09.10"]
[Round "3"]
[White "Guidi, Paolo"]
[Black "Manni, Stefano"]
[Result "0-1"]
[WhiteElo "1871"]
[BlackElo "2012"]
[PlyCount "64"]
[EventDate "2011.09.09"]

1. Nf3 d5 2. d4 Nf6 3. e3 c6 4. Ne5 g6 5. Bd3 Bg7 6. Nd2 O-O 7. O-O Nbd7 8.
Nxd7 Nxd7 9. f4 Qb6 10. Kh1 c5 11. c3 Nf6 12. b3 Bd7 13. Ba3 cxd4 14. exd4 Rfe8
15. Qf3 Rac8 16. Rac1 Qa5 17. Bb4 Qb6 18. h3 Bb5 19. c4 Bc6 20. Bc5 Qa5 21. Qe2
Nh5 22. Qf2 b6 23. b4 Qa3 24. Nb3 bxc5 25. bxc5 Bh6 26. f5 Nf4 27. fxg6 hxg6
28. Bb1 dxc4 29. Bxg6 fxg6 30. Qh4 Qxa2 31. Rf2 Qxb3 32. Qxh6 Qxh3+ 0-1

[Event "XI Open Piemonte Scacchi"]
[Site "Torino ITA"]
[Date "2011.09.10"]
[Round "3"]
[White "Bonino, Matteo"]
[Black "Giacometto, Mario"]
[Result "0-1"]
[WhiteElo "1851"]
[BlackElo "2004"]
[PlyCount "92"]
[EventDate "2011.09.09"]

1. d4 d5 2. Bf4 Nf6 3. e3 e6 4. Nf3 Be7 5. Nbd2 b6 6. c3 Bb7 7. Bd3 Nbd7 8. Ne5
c5 9. Qf3 Qc8 10. Qe2 a5 11. h3 Nxe5 12. Bxe5 Ba6 13. Bxa6 Qxa6 14. Qxa6 Rxa6
15. Ke2 c4 16. b3 b5 17. bxc4 bxc4 18. Rab1 Nd7 19. Rb7 Nxe5 20. Rb8+ Bd8 21.
dxe5 O-O 22. Rb7 Rb6 23. Rxb6 Bxb6 24. Rb1 Bc7 25. f4 Rb8 26. Rxb8+ Bxb8 27.
Nf3 f6 28. exf6 gxf6 29. Nd4 Kf7 30. f5 exf5 31. Nxf5 Be5 32. Nd4 a4 33. Kf3 f5
34. g4 fxg4+ 35. Kxg4 Kg6 36. Ne2 h5+ 37. Kf3 Kf5 38. Nd4+ Kg5 39. Ne2 Kh4 40.
Kg2 Bf6 41. Nd4 Kg5 42. Kf3 Be7 43. Kg3 Bd6+ 44. Kf3 Kf6 45. Kf2 Ba3 46. Kf3
Kg5 0-1

[Event "XI Open Piemonte Scacchi"]
[Site "Torino ITA"]
[Date "2011.09.10"]
[Round "3"]
[White "Riccardi, Mauro"]
[Black "Haddad Filho, Paulo Ibrahim"]
[Result "1-0"]
[WhiteElo "1836"]
[BlackElo "1971"]
[PlyCount "53"]
[EventDate "2011.09.09"]

1. d4 Nf6 2. Bg5 Ne4 3. Bf4 d5 4. e3 e6 5. Bd3 Bd6 6. Ne2 O-O 7. O-O f5 8. f3
Nf6 9. Nd2 c5 10. c4 Bxf4 11. exf4 cxd4 12. Nb3 Nc6 13. c5 Qe7 14. Rc1 Nd7 15.
Re1 g6 16. Bb5 d3 17. Qxd3 Nf6 18. Bxc6 bxc6 19. Ned4 Nh5 20. g3 Bd7 21. Na5
Ng7 22. Naxc6 Bxc6 23. Nxc6 Qb7 24. Ne5 Qxb2 25. Rb1 Qxa2 26. Ra1 Qb2 27. Reb1
1-0

[Event "XI Open Piemonte Scacchi"]
[Site "Torino ITA"]
[Date "2011.09.10"]
[Round "3"]
[White "Briata, Federico"]
[Black "Di Chiara, Mauro"]
[Result "0-1"]
[WhiteElo "1745"]
[BlackElo "1966"]
[PlyCount "68"]
[EventDate "2011.09.09"]

1. e4 d6 2. d4 Nf6 3. Nc3 g6 4. f4 Bg7 5. Nf3 O-O 6. Bd3 Na6 7. a3 c5 8. e5 Ng4
9. exd6 cxd4 10. dxe7 Qxe7+ 11. Ne2 Nc5 12. O-O Ne3 13. Bxe3 dxe3 14. Rb1 Rd8
15. Ne1 Ne4 16. Nf3 Bg4 17. Re1 Bxf3 18. gxf3 Nd2 19. Ra1 Nxf3+ 20. Kg2 Nxe1+
21. Qxe1 Qe6 22. Ng3 Bxb2 23. Rb1 Qd5+ 24. Kg1 Bd4 25. Qe2 Bb6 26. f5 Qa5 27.
Nf1 Rac8 28. fxg6 Qg5+ 29. Ng3 hxg6 30. Rf1 Rd6 31. Kh1 Rf6 32. Rg1 Rf2 33. Qd1
Qh4 34. Nf1 Bc7 0-1

[Event "XI Open Piemonte Scacchi"]
[Site "Torino ITA"]
[Date "2011.09.10"]
[Round "3"]
[White "Tondo, Stefano"]
[Black "Guzzetti, Luigi Enrico"]
[Result "0-1"]
[WhiteElo "1502"]
[BlackElo "1955"]
[PlyCount "100"]
[EventDate "2011.09.09"]

1. e4 c5 2. Nf3 e6 3. c3 Nc6 4. d4 d5 5. exd5 Qxd5 6. Be2 Qd8 7. Bg5 Nf6 8. O-O
cxd4 9. Qc1 Be7 10. Rd1 Bd7 11. Nxd4 Nxd4 12. Rxd4 Nd5 13. Rg4 Bxg5 14. Rxg5
O-O 15. Rg3 Qf6 16. Rf3 Qe5 17. Bd3 Bc6 18. Rh3 h6 19. Rg3 Nf4 20. Bf1 Rad8 21.
Nd2 Ne2+ 22. Bxe2 Qxe2 23. Nf1 Kh7 24. Re3 Qg4 25. Rg3 Qe4 26. Qe3 Qxe3 27.
Rxe3 Rd5 28. Rae1 Rfd8 29. f3 Bb5 30. b3 Bxf1 31. Kxf1 Kg6 32. h3 Kf5 33. g4+
Kf4 34. Re4+ Kg3 35. h4 Rd1 36. Rxd1 Rxd1+ 37. Ke2 Ra1 38. a4 Ra2+ 39. Ke3 Rf2
40. g5 Rxf3+ 41. Kd4 Rf4 42. gxh6 Rxe4+ 43. Kxe4 f5+ 44. Ke5 gxh6 45. h5 f4 46.
Kf6 f3 47. Kg6 f2 48. Kxh6 f1=Q 49. Kg7 Qf5 50. h6 Qg5+ 0-1

[Event "XI Open Piemonte Scacchi"]
[Site "Torino ITA"]
[Date "2011.09.10"]
[Round "3"]
[White "Razzano, Lorenzo"]
[Black "Busi, Piero"]
[Result "1-0"]
[WhiteElo "1927"]
[BlackElo "1293"]
[PlyCount "59"]
[EventDate "2011.09.09"]

1. e4 e5 2. Bc4 Nf6 3. Nc3 Bc5 4. d3 d6 5. f4 Nc6 6. Nf3 Bg4 7. h3 Bxf3 8. Qxf3
Nd4 9. Qg3 O-O 10. Bb3 Re8 11. f5 Nxb3 12. axb3 Nh5 13. Qg4 Nf4 14. Bxf4 exf4
15. Nd5 Bd4 16. c3 Bf6 17. O-O c6 18. Nxf4 d5 19. Nh5 dxe4 20. dxe4 Kf8 21.
Rae1 Qb6+ 22. Kh1 Re5 23. Nxf6 gxf6 24. Qh4 Ke7 25. Rd1 Qxb3 26. Rd6 Rxf5 27.
Rxf5 Kxd6 28. Qxf6+ Kc7 29. Qe7+ Kb6 30. Rxf7 1-0

[Event "XI Open Piemonte Scacchi"]
[Site "Torino ITA"]
[Date "2011.09.10"]
[Round "3"]
[White "D'Amato, Piergiorgio"]
[Black "Cardino, Guido"]
[Result "1-0"]
[WhiteElo "1856"]
[BlackElo "1452"]
[PlyCount "55"]
[EventDate "2011.09.09"]

1. e4 e5 2. Nf3 Nc6 3. d4 exd4 4. Nxd4 Nf6 5. Nxc6 bxc6 6. e5 Nd5 7. c4 Nb6 8.
Bd3 d6 9. exd6 cxd6 10. O-O Be7 11. Nc3 O-O 12. Qf3 Be6 13. b3 Bf6 14. Bd2 Qc7
15. Rac1 Rad8 16. Ne4 Bd4 17. Ng5 h6 18. Qe4 g6 19. Nxe6 fxe6 20. Qxd4 e5 21.
Qe4 Rd7 22. Bxh6 Rf6 23. Bg5 Rf5 24. Qg4 Rg7 25. Bxf5 gxf5 26. Qxf5 Rf7 27. Qe6
c5 28. Rc3 1-0

[Event "XI Open Piemonte Scacchi"]
[Site "Torino ITA"]
[Date "2011.09.10"]
[Round "3"]
[White "Iacomussi, Mario"]
[Black "Ivaldo, Fabrizio"]
[Result "1-0"]
[WhiteElo "1747"]
[BlackElo "1913"]
[PlyCount "47"]
[EventDate "2011.09.09"]

1. d4 Nf6 2. c4 g6 3. Nc3 Bg7 4. f3 d6 5. e4 O-O 6. Be3 e5 7. d5 Nh5 8. Qd2
Qh4+ 9. Bf2 Qf4 10. Qxf4 exf4 11. Bd3 Nd7 12. Nge2 Ne5 13. O-O-O Bd7 14. c5 f5
15. b4 a5 16. b5 fxe4 17. Bxe4 dxc5 18. Bxc5 Nc4 19. Bxf8 Bxf8 20. d6 Bxd6 21.
Bd5+ Kg7 22. Bxc4 Ba3+ 23. Kc2 Rd8 24. Ne4 1-0

[Event "XI Open Piemonte Scacchi"]
[Site "Torino ITA"]
[Date "2011.09.10"]
[Round "3"]
[White "Coxe, Marino"]
[Black "Figari, Andrea"]
[Result "1-0"]
[WhiteElo "1744"]
[BlackElo "1833"]
[PlyCount "45"]
[EventDate "2011.09.09"]

1. e4 e5 2. Nf3 Nc6 3. d4 exd4 4. Nxd4 Bc5 5. Be3 Qh4 6. Nc3 Bb4 7. Nxc6 Bxc3+
8. bxc3 dxc6 9. Qd4 Qf6 10. Bd3 Bd7 11. O-O Qg6 12. Qe5+ Ne7 13. Rfd1 Qd6 14.
Bf4 Qxe5 15. Bxe5 O-O-O 16. Bc4 f6 17. Bg3 h5 18. h4 Ng6 19. Rd4 c5 20. Rd5 b6
21. Rad1 Bc6 22. Ba6+ Bb7 23. Bxb7+ 1-0